Statistics for Квиз - Манастири Српске православне цркве

Click here to take the quiz!

General Stats

  • This quiz has been taken 259 times
  • The average score is 11 of 18

Answer Stats

Answer% Correct
Жича
93%
Студеница
87%
Високи Дечани
82%
Грачаница
80%
Острог
79%
Милешева
74%
Сопоћани
73%
Манасија
70%
Хиландар
63%
Ђурђеви ступови
62%
Пећка патријаршија
59%
Раваница
59%
Љубостиња
48%
Крушедол
40%
Градац
37%
Ново Хопово
31%
Каленић
31%
Прохор Пчињски
16%

Score Distribution

Percentile by Number Answered

Percent of People with Each Score

Your Score History

You have not taken this quiz